书目信息 |
| 题名: |
画法几何基本概念与解题指导
|
|
| 作者: | 钱万里 , 张运良 , 吴忠 编 | |
| 分册: | ||
| 出版信息: | 北京 电力工业出版社 1982.9 |
|
| 页数: | 262页 | |
| 开本: | 26cm | |
| 丛书名: | ||
| 单 册: | ||
| 中图分类: | O185.2 | |
| 科图分类: | ||
| 主题词: | 拓扑 , 几何 | |
| 电子资源: | ||
| ISBN: | ||
| 000 | 00649nam0 2200229 45 | |
| 001 | 0405240985 | |
| 005 | 20060414110159.46 | |
| 010 | @dCNY1.40 | |
| 091 | @a15036.4344 | |
| 100 | @a20040524d1982 km y0chiy0120 ea | |
| 101 | 0 | @achi |
| 200 | 1 | @a画法几何基本概念与解题指导@AHua Fa Ji He Ji Ben Gai Nian Yu Jie Ti Zhi Dao@f吴忠,钱万里,张运良编@FWu Zhong,Qian Wan Li,Zhang Yun Liang Bian |
| 210 | @a北京@c电力工业出版社@d1982.9 | |
| 215 | @a262页@c插图@d26cm | |
| 606 | 0 | @a拓扑 |
| 606 | 0 | @a几何 |
| 690 | @aO185.2@v3 | |
| 701 | 0 | @a钱万里@4编 |
| 701 | 0 | @a张运良@4编 |
| 701 | 0 | @a吴忠@4编 |
| 801 | @aCN@bPftUser@c20060414 | |
| 905 | @dO185.2@e2 | |
| 画法几何基本概念与解题指导/吴忠,钱万里,张运良编.-北京:电力工业出版社,1982.9 |
| 262页:插图;26cm |
| ISBN :CNY1.40 |
| ● |
| 相关链接 |
|
|
|
|
正题名:画法几何基本概念与解题指导
索取号:O185.2/2
 
预约/预借
| 序号 | 登录号 | 条形码 | 馆藏地/架位号 | 状态 | 备注 |
| 1 | 0095439 | 202241840 | 密集书库/ [索取号:O185.2/2] | 在馆 | |
| 2 | 0095440 | 202095017 | 第二样本阅览室/ [索取号:O185.2/2] | 在馆 | |
| 3 | 0146857 | 000397056 | 第三借阅区/ [索取号:O185.2/2] | 在馆 | |
| 4 | 0146858 | 000397109 | 第三借阅区/ [索取号:O185.2/2] | 在馆 | |
| 5 | 0146859 | 000397065 | 第三借阅区/ [索取号:O185.2/2] | 在馆 | |
| 6 | 0146860 | 202241831 | 密集书库/ [索取号:O185.2/2] | 在馆 | |
| 7 | 0146861 | 000397092 | 第三借阅区/ [索取号:O185.2/2] | 在馆 |